000 00344 a2200145 4500
001 152997
040 _cEscola São Tomás de Aquino
100 _aCONY, Carlos Heitor
240 1 0 _aAs rapaduras são eternas
_lpor
245 1 0 _aAs rapaduras são eternas
300 _a111
440 1 _aRecord
697 _a*LITERATURA JUVENIL
942 _cBK
999 _c152997
_d152997